Normal view
MARC view
Entry Personal Name
001 - CONTROL NUMBER
- control field: 19606
003 - CONTROL NUMBER IDENTIFIER
- control field: OSt
005 - DATE AND TIME OF LATEST TRANSACTION
- control field: 20211105134421.0
008 - FIXED-LENGTH DATA ELEMENTS
- fixed length control field: 211105|| aca||aabn | a|a d
040 ## - CATALOGING SOURCE
- Original cataloging agency: OSt
- Transcribing agency: OSt
100 ## - HEADING--PERSONAL NAME
- Personal name: Igor,D.Novikov
670 ## - SOURCE DATA FOUND
- Source citation: Work cat.: (OSt): Sharov, Alexander S . 19602, Edwin Hubble: the discoverer of the big bang universe